UM Logo

Home-based catalog marketing : (Record no. 7808)

MARC details
000 -LEADER
fixed length control field 00617nam a2200181 4500
008 - FIXED-LENGTH DATA ELEMENTS--GENERAL INFORMATION
fixed length control field 171121b xxu||||| |||| 00| 0 eng d
020 ## - INTERNATIONAL STANDARD BOOK NUMBER
International Standard Book Number 0070065950
082 ## - DEWEY DECIMAL CLASSIFICATION NUMBER
Edition number 1994
Classification number DC 658.84
Item number B64
100 ## - MAIN ENTRY--PERSONAL NAME
9 (RLIN) 23580
Personal name Bond, William J., author.
245 ## - TITLE STATEMENT
Title Home-based catalog marketing :
Remainder of title a success guide for entrepreneurs /
Statement of responsibility, etc. William J. Bond.
260 ## - PUBLICATION, DISTRIBUTION, ETC. (IMPRINT)
Place of publication, distribution, etc. New York :
Name of publisher, distributor, etc. McGraw-Hill,
Date of publication, distribution, etc. ©1994.
300 ## - PHYSICAL DESCRIPTION
Extent xvi, 221 pages:
Other physical details illustrations;
Dimensions 25 cm.
500 ## - GENERAL NOTE
General note Includes index.
650 #0 - SUBJECT ADDED ENTRY--TOPICAL TERM
9 (RLIN) 23581
Topical term or geographic name as entry element Mail-order business
650 #0 - SUBJECT ADDED ENTRY--TOPICAL TERM
9 (RLIN) 23582
Topical term or geographic name as entry element Home-based businesses
650 #0 - SUBJECT ADDED ENTRY--TOPICAL TERM
9 (RLIN) 23583
Topical term or geographic name as entry element Direct marketing
942 ## - ADDED ENTRY ELEMENTS (KOHA)
Source of classification or shelving scheme Dewey Decimal Classification
Koha item type Circulation
Holdings
Withdrawn status Lost status Source of classification or shelving scheme Damaged status Not for loan Collection code Home library Current library Date acquired Source of acquisition Total Checkouts Full call number Barcode Date last seen Copy number Price effective from Koha item type
    Dewey Decimal Classification     Circulation UM Digos College - LIC UM Digos College - LIC 04/03/2000 Purchased   DC 658.84 B64 1994 14074 05/15/2025 1 11/21/2017 Circulation